[Event "BL 9293 Koblenz-HSK"]
[Site "?"]
[Date "1992.??.??"]
[Round "?.2"]
[White "Fritsche, L."]
[Black "Wahls, M."]
[Result "1/2-1/2"]
[WhiteElo "2390"]
[BlackElo "2540"]
[PlyCount "149"]
[EventDate "1992.??.??"]

1. e4 d5 2. Nc3 dxe4 3. Nxe4 Qd5 4. Nc3 Qa5 5. Bc4 Nf6 6. d4 Bf5 7. Bd2 c6 8.
Nf3 e6 9. Ne5 Nbd7 10. Qe2 Bb4 11. O-O Qc7 12. Rfe1 Nxe5 13. dxe5 Nd7 14. Ne4
Be7 15. Bf4 Bxe4 16. Qxe4 O-O-O 17. Rad1 Nb6 18. Be2 g6 19. c4 Rxd1 20. Rxd1
Rd8 21. Rxd8+ Qxd8 22. Be3 Kb8 23. g3 Na4 24. Qf4 Qf8 25. b3 Nb6 26. a4 Bb4 27.
Bf3 Nd7 28. h4 a5 29. Qd4 Kc7 30. Bd1 Bc5 31. Qf4 Bxe3 32. Qxe3 Qa3 33. Qd4 Qc1
34. Kg2 Kc8 35. Bf3 Qb1 36. Qc3 h5 37. Qe3 Qf5 38. Qh6 Qxe5 39. Qh7 Qf6 40.
Qg8+ Kc7 41. Qa8 Qf5 42. Qe8 Qf6 43. Qa8 Qc3 44. Qe8 Ne5 45. Qe7+ Kb6 46. Qd8+
Ka7 47. Be2 Ng4 48. Qc7 Qe5 49. Qd8 Nh6 50. Bf3 Qc5 51. Qc7 Ka6 52. Be2 e5 53.
Kf1 Ka7 54. Bf3 f5 55. Qg7 e4 56. Be2 Ng4 57. Bxg4 fxg4 58. Qxg6 Qd4 59. Qxh5
Qd1+ 60. Kg2 Qf3+ 61. Kg1 Ka6 62. Qe5 Qxb3 63. Qxe4 Qxa4 64. h5 Qa1+ 65. Kg2 a4
66. h6 a3 67. h7 Qg7 68. Qc2 b6 69. c5 b5 70. Qd3 Kb7 71. h8=Q Qxh8 72. Qd7+
Kb8 73. Qd6+ Kb7 74. Qd7+ Kb8 75. Qd6+ 1/2-1/2

[Event "BL 9293 Koblenz-HSK"]
[Site "?"]
[Date "1992.??.??"]
[Round "?.3"]
[White "Ftacnik, L."]
[Black "Reschke, S."]
[Result "1/2-1/2"]
[WhiteElo "2535"]
[BlackElo "2300"]
[PlyCount "91"]
[EventDate "1992.??.??"]

1. d4 Nf6 2. Nf3 g6 3. c4 Bg7 4. Nc3 O-O 5. e4 d6 6. Be2 e5 7. O-O Na6 8. Be3
c6 9. d5 Ng4 10. Bg5 f6 11. Bd2 Nh6 12. Rb1 c5 13. Ne1 Nf7 14. Nd3 f5 15. a3
Bd7 16. b4 b6 17. Kh1 Qh4 18. f3 Bh6 19. g3 Qe7 20. Bxh6 Nxh6 21. bxc5 dxc5 22.
Qc1 Nf7 23. exf5 gxf5 24. f4 e4 25. Nf2 Nd6 26. Ncd1 Nc7 27. Ne3 Nce8 28. g4
Ng7 29. Qc3 Qf6 30. Qe5 Rae8 31. Qxf6 Rxf6 32. g5 Rff8 33. Kg2 Rb8 34. Nh1 Kf7
35. Ng3 Kg6 36. Kf2 Rh8 37. Rg1 Rbg8 38. Rg2 Kf7 39. Rbg1 h5 40. gxh6 Nge8 41.
Kf1 Kf8 42. h4 Nf6 43. Nh5 Rxg2 44. Rxg2 Rxh6 45. Nxf6 Rxf6 46. Ke1 1/2-1/2

[Event "BL 9293 Koblenz-HSK"]
[Site "?"]
[Date "1992.??.??"]
[Round "?.4"]
[White "Herbrechtsmeier, C."]
[Black "Mueller, Ka"]
[Result "0-1"]
[WhiteElo "2315"]
[BlackElo "2490"]
[PlyCount "78"]
[EventDate "1992.??.??"]

1. e4 d5 2. exd5 Qxd5 3. Nc3 Qa5 4. d4 Nf6 5. Nf3 Bf5 6. Ne5 c6 7. g4 Be6 8.
Nc4 Qc7 9. Ne3 g6 10. Bg2 Bg7 11. d5 Nxd5 12. Ncxd5 cxd5 13. Nxd5 Qd7 14. Bf4
Na6 15. Ne3 Qb5 16. Qe2 Qb4+ 17. c3 Qxf4 18. Bxb7 Rb8 19. Bxa6 O-O 20. Bc4 Bxc4
21. Nxc4 Rfc8 22. Ne3 Rxb2 23. Qxb2 Bxc3+ 24. Qxc3 Rxc3 25. Ke2 Ra3 26. h3 Qa4
27. Kf3 Rxa2 28. Rac1 Qa6 29. Rhf1 Qb7+ 30. Kg3 Kg7 31. Rc4 Rb2 32. Rfc1 Rb1
33. R1c2 e5 34. f4 Rb3 35. Kf2 exf4 36. Rxf4 Rb2 37. Rxb2 Qxb2+ 38. Kg3 h6 39.
h4 a5 0-1

[Event "BL 9293 Koblenz-HSK"]
[Site "?"]
[Date "1992.??.??"]
[Round "?.5"]
[White "Maus, So"]
[Black "Weidemann, J."]
[Result "1-0"]
[WhiteElo "2435"]
[BlackElo "2305"]
[PlyCount "76"]
[EventDate "1992.??.??"]

1. e4 c5 2. Nc3 d6 3. g3 Nc6 4. Bg2 g6 5. d3 Bg7 6. Nge2 e6 7. O-O Nge7 8. a3
O-O 9. Be3 Nd4 10. Rb1 Bd7 11. b4 Bc6 12. Qd2 Rc8 13. Rfc1 Re8 14. Bh6 Bh8 15.
Nxd4 cxd4 16. Ne2 a6 17. c3 dxc3 18. Nxc3 d5 19. b5 axb5 20. Nxb5 Ra8 21. Qb4
Qd7 22. a4 Rec8 23. a5 Be5 24. Bf1 f6 25. Be3 Kg7 26. Bh3 Re8 27. Nd4 Bxd4 28.
Bxd4 Ng8 29. Bb6 Rac8 30. Re1 Nh6 31. Bg2 Nf7 32. f4 e5 33. Rbd1 exf4 34. gxf4
Qg4 35. h3 Qxf4 36. Rf1 Qg5 37. Bd4 Re6 38. h4 Qg4 1-0

[Event "BL 9293 Solingen-Bochum"]
[Site "?"]
[Date "1992.??.??"]
[Round "?.1"]
[White "Glek, I."]
[Black "Chandler, M."]
[Result "1/2-1/2"]
[WhiteElo "2520"]
[BlackElo "2575"]
[PlyCount "120"]
[EventDate "1992.??.??"]

1. e4 c5 2. Nf3 d6 3. d4 cxd4 4. Nxd4 Nf6 5. Nc3 Nc6 6. Be2 e5 7. Nf3 h6 8. O-O
Be7 9. Re1 O-O 10. h3 Be6 11. Bf1 Nb8 12. a4 Nbd7 13. a5 a6 14. Nd5 Nxd5 15.
exd5 Bf5 16. Nd2 Bh7 17. b4 f5 18. c4 Kh8 19. Nb3 Rc8 20. Ba3 f4 21. c5 Nf6 22.
cxd6 Bxd6 23. Nc5 Qe7 24. Rc1 Bg8 25. Bc4 Rfd8 26. Qb3 e4 27. Bb2 e3 28. fxe3
f3 29. gxf3 Nxd5 30. Ne4 Be5 31. b5 Bxb2 32. Qxb2 axb5 33. Bxb5 Rxc1 34. Qxc1
Qb4 35. Bf1 Qxa5 36. Rd1 Rf8 37. Bg2 b6 38. f4 Qa7 39. Nf2 Nf6 40. Nd3 Nd7 41.
Kh2 b5 42. Qc6 Bc4 43. Nb2 Nf6 44. Rd4 Qe7 45. Qd6 Qxd6 46. Rxd6 Re8 47. Nxc4
bxc4 48. Rc6 Rxe3 49. Rxc4 Kh7 50. Kg1 Kg6 51. Kf2 Ra3 52. Rc5 h5 53. Bf3 h4
54. Rg5+ Kh6 55. Re5 Ra2+ 56. Re2 Ra4 57. Ke3 Ra3+ 58. Kf2 Kg6 59. Re5 Ra2+ 60.
Ke3 Ra3+ 1/2-1/2

[Event "BL 9293 Solingen-Bochum"]
[Site "?"]
[Date "1992.??.??"]
[Round "?.3"]
[White "Schulz, KJ."]
[Black "Zysk, R."]
[Result "1-0"]
[WhiteElo "2415"]
[BlackElo "2440"]
[PlyCount "59"]
[EventDate "1992.??.??"]

1. d4 f5 2. Nf3 Nf6 3. g3 g6 4. Bg2 Bg7 5. O-O O-O 6. Nbd2 d6 7. Re1 Nc6 8. e4
fxe4 9. Nxe4 Nxe4 10. Rxe4 Bf5 11. Re1 Qd7 12. c3 Kh8 13. d5 Ne5 14. Nxe5 Bxe5
15. Be3 Bf6 16. Bd4 Rae8 17. Re3 b6 18. Qd2 e5 19. dxe6 Rxe6 20. Rae1 Rxe3 21.
Qxe3 Qg7 22. Bxf6 Qxf6 23. Qe7 Rf7 24. Qxf6+ Rxf6 25. Bd5 Bh3 26. f4 c5 27.
Re8+ Kg7 28. Re7+ Kh8 29. Rxa7 g5 30. Ra8+ 1-0

[Event "BL 9293 Solingen-Bochum"]
[Site "?"]
[Date "1992.??.??"]
[Round "?.4"]
[White "Reeh, O."]
[Black "Backwinkel, P."]
[Result "1/2-1/2"]
[WhiteElo "2455"]
[BlackElo "2405"]
[PlyCount "62"]
[EventDate "1992.??.??"]

1. d4 d5 2. c4 c6 3. Nf3 Nf6 4. Nc3 a6 5. cxd5 cxd5 6. Bf4 Nc6 7. e3 Bg4 8. Be2
e6 9. O-O Be7 10. Ne5 Bxe2 11. Qxe2 Rc8 12. Rfc1 O-O 13. Na4 Nxe5 14. Bxe5 Nd7
15. Bg3 Qa5 16. Qd1 b5 17. Nc3 Nb6 18. Ne2 Na4 19. Rc2 Qb4 20. b3 Nc3 21. Nxc3
Rxc3 22. Rxc3 Qxc3 23. Rc1 Qa5 24. Rc2 Ba3 25. h3 Qb6 26. Rc7 Bd6 27. Bxd6 Qxd6
28. Qc2 Qb4 29. g3 g6 30. Kg2 Qa3 31. h4 h5 1/2-1/2

[Event "BL 9293 Solingen-Bochum"]
[Site "?"]
[Date "1992.??.??"]
[Round "?.5"]
[White "Jackelen, T."]
[Black "Schaefer, Ma"]
[Result "1/2-1/2"]
[WhiteElo "2420"]
[BlackElo "2435"]
[PlyCount "109"]
[EventDate "1992.??.??"]

1. Nf3 Nf6 2. c4 g6 3. Nc3 Bg7 4. e4 d6 5. d4 O-O 6. Be2 Na6 7. O-O e5 8. Re1
Qe8 9. Bf1 Bg4 10. d5 Nb4 11. Be2 a5 12. h3 Bd7 13. Be3 Na6 14. Nd2 h6 15. Rb1
Nh7 16. Nb3 b6 17. Qd2 h5 18. f4 Qe7 19. Rf1 exf4 20. Bxf4 Nc5 21. Rbe1 a4 22.
Nxc5 bxc5 23. Kh1 Be5 24. Bd3 Rfb8 25. Re2 f6 26. Ref2 Rf8 27. Bxe5 fxe5 28.
Qh6 Qg7 29. Rxf8+ Nxf8 30. Qxg7+ Kxg7 31. Kg1 g5 32. Be2 Kg6 33. Kf2 Nh7 34.
Ke3 Nf6 35. Rb1 Rb8 36. Bd1 Rb4 37. Kd3 h4 38. a3 Rb8 39. Bxa4 Bxa4 40. Nxa4
Nh5 41. Kc2 Rf8 42. Rd1 Nf4 43. Rd2 g4 44. hxg4 Kg5 45. Nc3 Kxg4 46. Nd1 Ra8
47. Ne3+ Kh5 48. Rf2 Kg5 49. Kc3 Kh5 50. Kd2 Rb8 51. Kc3 Ra8 52. Kc2 Kg5 53.
Kc3 Kh5 54. Kd2 Rb8 55. Kc3 1/2-1/2

[Event "BL 9293 Solingen-Bochum"]
[Site "?"]
[Date "1992.??.??"]
[Round "?.6"]
[White "Thesing, M."]
[Black "Luecke, N."]
[Result "0-1"]
[WhiteElo "2410"]
[BlackElo "2410"]
[PlyCount "98"]
[EventDate "1992.??.??"]

1. e4 c5 2. Nc3 e6 3. Nge2 Nc6 4. g3 Nf6 5. Bg2 Be7 6. O-O O-O 7. d4 cxd4 8.
Nxd4 d5 9. exd5 exd5 10. h3 Qb6 11. Nce2 Re8 12. Nb3 Bf5 13. Be3 Qc7 14. Nc3
Rad8 15. Nd4 Nxd4 16. Bxd4 Ne4 17. Ne2 Ng5 18. Nf4 Bxc2 19. Rc1 Bxd1 20. Rxc7
Nf3+ 21. Kh1 Nxd4 22. Rxd1 Ne6 23. Rxb7 Nxf4 24. gxf4 Bc5 25. Bxd5 Re7 26. Rxe7
Bxe7 27. Kg2 g6 28. Kf3 Kg7 29. b3 Bc5 30. Rd3 f5 31. Ke2 Kf6 32. Kf3 Rd6 33.
Ke2 Rd8 34. Kd1 Bxf2 35. Ke2 Bc5 36. Rd1 Re8+ 37. Kd3 Re3+ 38. Kc4 Bd6 39. Bg8
Bxf4 40. Bxh7 Rxh3 41. Rd7 Be3 42. Kd5 Bb6 43. Rd6+ Kg7 44. Rd7+ Kf6 45. Rd6+
Kg7 46. Rd7+ Kh6 47. Ke6 Rh4 48. Rf7 Re4+ 49. Kd5 Re8 0-1

[Event "BL 9293 Solingen-Bochum"]
[Site "?"]
[Date "1992.??.??"]
[Round "?.7"]
[White "Fette, M."]
[Black "Beckemeyer, W."]
[Result "0-1"]
[WhiteElo "2385"]
[BlackElo "2390"]
[PlyCount "102"]
[EventDate "1992.??.??"]

1. e4 e5 2. Nf3 Nc6 3. Bc4 Nf6 4. d4 exd4 5. O-O Nxe4 6. Re1 d5 7. Bxd5 Qxd5 8.
Nc3 Qa5 9. Nxe4 Be6 10. Neg5 O-O-O 11. Nxe6 fxe6 12. Rxe6 Bd6 13. Bg5 Rde8 14.
Qe2 Kd7 15. Rxe8 Rxe8 16. Qd3 h6 17. Bd2 Qc5 18. c3 dxc3 19. Bxc3 g5 20. h3 Kc8
21. Qg6 Re2 22. Rf1 b5 23. Qd3 Re7 24. a3 a5 25. Rd1 Kb7 26. Nd4 Nxd4 27. Bxd4
Qd5 28. Qf1 Qb3 29. g3 Re8 30. Rc1 c6 31. Rd1 Bc7 32. Rc1 Qd5 33. Bc3 h5 34.
Rd1 Qf5 35. Qg2 h4 36. g4 Qf4 37. Rf1 Re2 38. Re1 Rxf2 39. Qxf2 Bb6 40. Re2 Ka6
41. Be1 Qg3+ 42. Kf1 Bxf2 43. Bxf2 Qd3 44. Kg2 Qd5+ 45. Kg1 b4 46. a4 Qd1+ 47.
Kg2 Qxa4 48. Re5 Qc2 49. Rxg5 Qxb2 50. Rg8 Qd2 51. Rb8 a4 0-1

[Event "BL 9293 Solingen-Bochum"]
[Site "?"]
[Date "1992.??.??"]
[Round "?.8"]
[White "Schmidt, B."]
[Black "Sonntag, HH."]
[Result "1/2-1/2"]
[WhiteElo "2340"]
[BlackElo "2415"]
[PlyCount "39"]
[EventDate "1992.??.??"]

1. c4 e6 2. Nc3 d5 3. cxd5 exd5 4. d4 c6 5. Nf3 Bf5 6. Bg5 Be7 7. Bxe7 Nxe7 8.
e3 Nd7 9. Be2 h6 10. O-O O-O 11. b4 Rc8 12. Na4 b5 13. Nc5 Nxc5 14. dxc5 a5 15.
a3 a4 16. Nd4 Bd7 17. Bd3 f5 18. f4 Ng6 19. Qh5 Qf6 20. Qf3 1/2-1/2

[Event "BL 9293 Dortmund-Bielefeld"]
[Site "?"]
[Date "1992.??.??"]
[Round "?.1"]
[White "Richter, W."]
[Black "Schmittdiel, E."]
[Result "1/2-1/2"]
[WhiteElo "2430"]
[BlackElo "2480"]
[PlyCount "27"]
[EventDate "1992.??.??"]

1. d4 Nf6 2. Nf3 e6 3. c4 c5 4. Nc3 cxd4 5. Nxd4 Nc6 6. Nc2 Bc5 7. e3 O-O 8.
Be2 d5 9. cxd5 exd5 10. O-O a6 11. b3 Re8 12. Bb2 Bb6 13. Bf3 Be6 14. Ne2
1/2-1/2

[Event "BL 9293 Dortmund-Bielefeld"]
[Site "?"]
[Date "1992.??.??"]
[Round "?.2"]
[White "Heyken, E."]
[Black "Bangiev, A."]
[Result "0-1"]
[WhiteElo "2410"]
[BlackElo "2400"]
[PlyCount "98"]
[EventDate "1992.??.??"]

1. e4 c5 2. g3 Nc6 3. Bg2 g6 4. Ne2 Bg7 5. O-O d6 6. d3 Nf6 7. c4 Bd7 8. Nbc3
Qc8 9. Nd5 Nh5 10. Rb1 O-O 11. Bg5 Re8 12. Qd2 Rb8 13. f3 e6 14. Ndc3 a6 15. a3
Qc7 16. Be3 Nd4 17. g4 Nxe2+ 18. Nxe2 Nf6 19. g5 Nh5 20. f4 b5 21. cxb5 Rxb5
22. b4 cxb4 23. axb4 d5 24. Nd4 Bxd4 25. Bxd4 dxe4 26. Bxe4 Nxf4 27. Rxf4 e5
28. Rxf7 Kxf7 29. Qf2+ Kg8 30. Bc5 Be6 31. Rf1 Rbb8 32. h4 Qd7 33. Qf3 Bf5 34.
Bd5+ Kh8 35. h5 Qd8 36. Qg2 a5 37. hxg6 Bxg6 38. Rf6 Bxd3 39. Rd6 Qc8 40. Bf7
axb4 41. Qf2 Qg4+ 42. Kh2 Bf5 43. Rh6 Kg7 44. Bh5 Qh3+ 45. Kg1 Ra8 46. Bd1 Qd3
47. Rd6 Qe4 48. Qd2 Ra3 49. Bf2 Rh3 0-1

[Event "BL 9293 Dortmund-Bielefeld"]
[Site "?"]
[Date "1992.??.??"]
[Round "?.3"]
[White "Panzer, P."]
[Black "Stein, B."]
[Result "1-0"]
[WhiteElo "2340"]
[BlackElo "2370"]
[PlyCount "67"]
[EventDate "1992.??.??"]

1. d4 Nf6 2. c4 d6 3. Nc3 Nbd7 4. e4 e5 5. Nf3 c6 6. Be2 Be7 7. O-O O-O 8. Be3
a6 9. d5 cxd5 10. cxd5 b5 11. Nd2 Ne8 12. a4 bxa4 13. Nc4 Bg5 14. Qd2 Bxe3 15.
Qxe3 Nc5 16. Nxe5 Qc7 17. Nd3 Nxd3 18. Bxd3 Rb8 19. Nxa4 Nf6 20. Rfc1 Qe7 21.
Nb6 Qe5 22. Nc4 Qe7 23. Qd4 Rb4 24. Qc3 Rb5 25. Na5 Rc5 26. Nc6 Qb7 27. Qa3
Rxc1+ 28. Rxc1 Re8 29. Qxd6 Qxb2 30. Qc5 g6 31. f3 Qd2 32. Bf1 Bd7 33. Qc3 Qf4
34. g3 1-0

[Event "BL 9293 Dortmund-Bielefeld"]
[Site "?"]
[Date "1992.??.??"]
[Round "?.4"]
[White "Buecker, S."]
[Black "Pohl Kuemmel, JU."]
[Result "1-0"]
[WhiteElo "2365"]
[BlackElo "2300"]
[PlyCount "87"]
[EventDate "1992.??.??"]

1. e4 c5 2. Nc3 Nc6 3. g3 g6 4. Bg2 Bg7 5. d3 d6 6. f4 e6 7. Nf3 Nge7 8. O-O
O-O 9. Be3 Rb8 10. Qd2 Nd4 11. Rad1 Nec6 12. Nb1 Nxf3+ 13. Bxf3 b6 14. c3 Bb7
15. Qg2 Ne7 16. d4 Qc7 17. Na3 Ba6 18. Rfe1 cxd4 19. cxd4 Rbc8 20. Nb1 b5 21.
a3 Bb7 22. Nc3 a6 23. Bf2 Kh8 24. Rd2 Qa5 25. Rd3 b4 26. Nd1 bxa3 27. Rxa3 Qb4
28. e5 Bxf3 29. Qxf3 Nf5 30. Qb3 Qxb3 31. Rxb3 dxe5 32. dxe5 Rfd8 33. Rc3 Bf8
34. g4 Ne7 35. Rxc8 Rxc8 36. Nc3 Nc6 37. Ne4 Nb4 38. Rd1 Nd5 39. f5 gxf5 40.
gxf5 exf5 41. Nd6 Bxd6 42. exd6 Nf6 43. d7 Rg8+ 44. Kf1 1-0

[Event "BL 9293 Dortmund-Bielefeld"]
[Site "?"]
[Date "1992.??.??"]
[Round "?.5"]
[White "Meier, V."]
[Black "Busch, K."]
[Result "1-0"]
[WhiteElo "2310"]
[BlackElo "2420"]
[PlyCount "57"]
[EventDate "1992.??.??"]

1. e4 e5 2. Nf3 Nc6 3. Nc3 Nf6 4. Bb5 Bb4 5. O-O O-O 6. d3 Bxc3 7. bxc3 d6 8.
Bg5 Qe7 9. Nd2 h6 10. Bh4 Nd8 11. Re1 Ne6 12. Nf1 Nf4 13. Ne3 g5 14. Bg3 Ng6
15. Qd2 Nh5 16. d4 Ng7 17. Rad1 h5 18. f3 Be6 19. Kh1 f6 20. Bf1 Qf7 21. c4
exd4 22. Qxd4 b6 23. Nd5 a5 24. Bd3 f5 25. exf5 Nxf5 26. Bxf5 Qxf5 27. Qd2 h4
28. Qxg5 hxg3 29. Ne7+ 1-0

[Event "BL 9293 Dortmund-Bielefeld"]
[Site "?"]
[Date "1992.??.??"]
[Round "?.6"]
[White "Dermann, G."]
[Black "Lingnau, C."]
[Result "1-0"]
[WhiteElo "2330"]
[BlackElo "2340"]
[PlyCount "119"]
[EventDate "1992.??.??"]

1. d4 Nf6 2. Nf3 g6 3. c4 Bg7 4. Nc3 d5 5. Bg5 dxc4 6. e3 Be6 7. Ne5 c5 8. Qa4+
Nbd7 9. Bxc4 Bxc4 10. Qxc4 O-O 11. Bxf6 Nb6 12. Qxc5 Bxf6 13. Rd1 Rc8 14. Qb5
Qc7 15. Nd3 Rfd8 16. O-O Qc4 17. Qxc4 Nxc4 18. Rc1 e5 19. Ne4 Bg7 20. b3 exd4
21. Rxc4 Rxc4 22. bxc4 dxe3 23. Nc1 Rd4 24. Ng3 exf2+ 25. Kxf2 Rxc4 26. Nge2
Kf8 27. Ke3 Rc2 28. Kd3 Rb2 29. Rf4 b5 30. g4 a5 31. h4 a4 32. a3 Rb1 33. Kc2
Ra1 34. Rf3 Be5 35. Re3 Bg7 36. g5 Bh8 37. Rd3 Be5 38. Rf3 Bg7 39. Nf4 Be5 40.
Nd5 Kg7 41. Re3 Bd4 42. Rd3 Be5 43. Nb4 h6 44. Rf3 hxg5 45. hxg5 Kf8 46. Nc6
Bd6 47. Nb4 Be5 48. Nba2 Kg7 49. Rd3 f6 50. Rd7+ Kf8 51. Rd5 Ke7 52. Rxb5 Bd4
53. Rb4 Be5 54. gxf6+ Kxf6 55. Rxa4 g5 56. Nb4 Kf5 57. Nbd3 Bf6 58. Ra5+ Ke4
59. Nc5+ Kf3 60. N5b3 1-0

[Event "BL 9293 Dortmund-Bielefeld"]
[Site "?"]
[Date "1992.??.??"]
[Round "?.8"]
[White "Illner, A."]
[Black "Seger, R."]
[Result "1/2-1/2"]
[WhiteElo "2320"]
[BlackElo "2380"]
[PlyCount "35"]
[EventDate "1992.??.??"]

1. e4 c6 2. d4 d5 3. e5 Bf5 4. Nc3 h5 5. Bd3 Bxd3 6. Qxd3 e6 7. Nf3 Nd7 8. O-O
Ne7 9. Ne2 Nf5 10. b3 Be7 11. c4 g6 12. Bd2 Kf8 13. c5 Kg7 14. Rfc1 b6 15. b4
a5 16. a3 Qb8 17. Rab1 axb4 18. axb4 1/2-1/2

[Event "BL 9293 Bochum-Dortmund"]
[Site "?"]
[Date "1992.??.??"]
[Round "?.1"]
[White "Schmittdiel, E."]
[Black "Glek, I."]
[Result "1/2-1/2"]
[WhiteElo "2480"]
[BlackElo "2520"]
[PlyCount "93"]
[EventDate "1992.??.??"]

1. e4 e6 2. d4 d5 3. Nd2 c5 4. Ngf3 cxd4 5. Nxd4 Nf6 6. e5 Nfd7 7. N2f3 Be7 8.
Bf4 Qb6 9. c3 Nc6 10. Qc2 Nc5 11. Be3 Qc7 12. Nxc6 bxc6 13. Bxc5 Bxc5 14. Bd3
f5 15. O-O O-O 16. c4 d4 17. Rad1 Rd8 18. Kh1 Be7 19. c5 Qa5 20. Bc4 Qxc5 21.
Rd2 Qb6 22. Qxf5 c5 23. Rd3 Ba6 24. Bxe6+ Kh8 25. Rb3 Qc6 26. Rc1 c4 27. Qf7 d3
28. Qxe7 Re8 29. Qh4 Qxe6 30. Rbc3 Rad8 31. h3 Kg8 32. b3 cxb3 33. axb3 Bb7 34.
Rd1 Bxf3 35. gxf3 Qxe5 36. Rcxd3 Rxd3 37. Rxd3 Qf5 38. Rc3 h6 39. Qg4 Qb1+ 40.
Kg2 Re1 41. Qc4+ Kh8 42. f4 Rg1+ 43. Kf3 Qd1+ 44. Ke4 Qe1+ 45. Kf3 Qd1+ 46. Ke4
Qe1+ 47. Kf3 1/2-1/2

[Event "BL 9293 Bochum-Dortmund"]
[Site "?"]
[Date "1992.??.??"]
[Round "?.2"]
[White "Dokhoian, Y."]
[Black "Heyken, E."]
[Result "1/2-1/2"]
[WhiteElo "2505"]
[BlackElo "2410"]
[PlyCount "41"]
[EventDate "1992.??.??"]

1. d4 d5 2. c4 e6 3. Nf3 c6 4. Qc2 Nf6 5. g3 b5 6. c5 Nbd7 7. Bg2 a5 8. O-O Be7
9. Bf4 O-O 10. Nbd2 Ba6 11. Rfe1 Nh5 12. e3 Re8 13. Bd6 Bxd6 14. cxd6 Rc8 15.
Ne5 Nhf6 16. Nb3 Nb8 17. Qc5 a4 18. Nd2 Qa5 19. b4 Qd8 20. Rec1 Nfd7 21. Nxd7
1/2-1/2

[Event "BL 9293 Bochum-Dortmund"]
[Site "?"]
[Date "1992.??.??"]
[Round "?.3"]
[White "Stein, B."]
[Black "Schulz, KJ."]
[Result "1/2-1/2"]
[WhiteElo "2370"]
[BlackElo "2415"]
[PlyCount "26"]
[EventDate "1992.??.??"]

1. e4 c5 2. c3 d5 3. exd5 Qxd5 4. d4 Nf6 5. Nf3 e6 6. Be2 Nc6 7. Na3 Qd8 8. Nc2
Be7 9. O-O O-O 10. dxc5 Bxc5 11. Be3 Bxe3 12. Nxe3 Qc7 13. Qa4 b6 1/2-1/2

[Event "BL 9293 Bochum-Dortmund"]
[Site "?"]
[Date "1992.??.??"]
[Round "?.4"]
[White "Backwinkel, P."]
[Black "Buecker, S."]
[Result "1-0"]
[WhiteElo "2405"]
[BlackElo "2365"]
[PlyCount "81"]
[EventDate "1992.??.??"]

1. d4 d6 2. e4 Nf6 3. Nd2 e5 4. c3 exd4 5. cxd4 g6 6. Ngf3 Bg7 7. Bd3 O-O 8.
O-O Nc6 9. Bb5 Ne7 10. Re1 c6 11. Bf1 h6 12. b3 d5 13. e5 Nh7 14. b4 Bf5 15.
Nb3 b6 16. Be3 Be4 17. Rc1 Qd7 18. Nbd2 a5 19. bxa5 Rxa5 20. Nxe4 dxe4 21. Nd2
Rxa2 22. Nxe4 Nd5 23. Nc3 Nxe3 24. fxe3 Ra3 25. Bc4 Ng5 26. h4 Ne6 27. Qg4 Re8
28. d5 Nf8 29. Qxd7 Nxd7 30. dxc6 Nxe5 31. Nb5 Ra4 32. Nd6 Re7 33. Bb5 Rb4 34.
c7 Rxc7 35. Rxc7 Bf8 36. Rc8 Kg7 37. Ne8+ Kg8 38. Bf1 Be7 39. Nf6+ Kg7 40. Nd5
Bxh4 41. Nxb4 1-0

[Event "BL 9293 Bochum-Dortmund"]
[Site "?"]
[Date "1992.??.??"]
[Round "?.5"]
[White "Busch, K."]
[Black "Jackelen, T."]
[Result "0-1"]
[WhiteElo "2420"]
[BlackElo "2420"]
[PlyCount "98"]
[EventDate "1992.??.??"]

1. Nf3 Nf6 2. c4 g6 3. d4 Bg7 4. g3 O-O 5. Bg2 d6 6. Nc3 Nbd7 7. O-O e5 8. h3
Re8 9. e4 exd4 10. Nxd4 a6 11. Re1 Rb8 12. b3 c5 13. Nc2 b5 14. Qxd6 Rb6 15.
Qd1 b4 16. Na4 Rbe6 17. Bb2 Qe7 18. Ne3 Nxe4 19. Bxg7 Kxg7 20. Nd5 Qd8 21. Nf4
Rd6 22. Qb1 f5 23. Bxe4 fxe4 24. Rxe4 Bb7 25. Rxe8 Qxe8 26. Qb2+ Kg8 27. Nd5
Qe6 28. Kh2 Bxd5 29. cxd5 Rxd5 30. Qc2 Rh5 31. Qc4 Kf7 32. Qxe6+ Kxe6 33. Nb2
Nb6 34. Rc1 Rd5 35. Rc2 Kd6 36. Kg2 Kc6 37. Kf3 Kb5 38. Ke4 a5 39. h4 Rd8 40.
Kf3 Rf8+ 41. Ke4 Re8+ 42. Kf3 Rc8 43. Nc4 Nxc4 44. Rxc4 a4 45. Ke2 axb3 46.
axb3 Ra8 47. Re4 Ra2+ 48. Kf3 Ra3 49. Re3 c4 0-1

[Event "BL 9293 Bochum-Dortmund"]
[Site "?"]
[Date "1992.??.??"]
[Round "?.7"]
[White "Kalka, A."]
[Black "Luecke, N."]
[Result "1/2-1/2"]
[WhiteElo "2400"]
[BlackElo "2410"]
[PlyCount "57"]
[EventDate "1992.??.??"]

1. e4 e6 2. d4 d5 3. e5 c5 4. c3 Nc6 5. Nf3 Qb6 6. Bd3 cxd4 7. cxd4 Bd7 8. O-O
Nxd4 9. Nxd4 Qxd4 10. Nc3 a6 11. Qe2 Ne7 12. Kh1 Nc6 13. f4 Qb6 14. Be3 Qa5 15.
Qf2 d4 16. Bxd4 Nxd4 17. Qxd4 Bc5 18. Qe4 Bc6 19. Qe2 O-O 20. a3 Qc7 21. Rac1
Rac8 22. Ne4 Be7 23. Nf6+ Bxf6 24. Bxh7+ Kxh7 25. Qh5+ Kg8 26. exf6 Qd8 27.
fxg7 Kxg7 28. Qg4+ Kh8 29. Qh5+ 1/2-1/2

[Event "BL 9293 Bochum-Dortmund"]
[Site "?"]
[Date "1992.??.??"]
[Round "?.8"]
[White "Fette, M."]
[Black "Illner, A."]
[Result "0-1"]
[WhiteElo "2385"]
[BlackElo "2320"]
[PlyCount "111"]
[EventDate "1992.??.??"]

1. e4 e6 2. d4 d5 3. Nc3 dxe4 4. Nxe4 Bd7 5. Nf3 Bc6 6. Bd3 Nd7 7. O-O Ngf6 8.
Ned2 Be7 9. Re1 O-O 10. Nc4 Bb5 11. Bg5 c5 12. Qe2 Rc8 13. Rad1 Qc7 14. b3 Ba6
15. Nfe5 cxd4 16. Nxd7 Qxd7 17. Ne5 Bxd3 18. Nxd7 Bxe2 19. Rxe2 Nxd7 20. Bxe7
Rfe8 21. Bb4 e5 22. f4 f6 23. fxe5 Nxe5 24. Kf1 Ng4 25. Rxe8+ Rxe8 26. Rxd4
Ne3+ 27. Kf2 Nxc2 28. Rc4 Nxb4 29. Rxb4 b6 30. Rc4 Re7 31. b4 Kf7 32. a4 Ke6
33. Kf3 Kd5 34. Rc8 Kd6 35. Rg8 Rc7 36. Ke3 Kd5 37. Kd3 Rd7 38. Re8 g6 39. Rf8
f5 40. Re8 Kd6 41. Kd4 Re7 42. Rd8+ Ke6 43. Kc4 Ke5 44. a5 bxa5 45. bxa5 Kf4
46. a6 Re2 47. Rd7 h5 48. Rxa7 Rxg2 49. Rg7 g5 50. a7 Ra2 51. Kb5 g4 52. Kb6 h4
53. Rh7 h3 54. Rc7 Kf3 55. Rc5 Rxa7 56. Kxa7 0-1

[Event "BL 9293 Bielefeld-Solingen"]
[Site "?"]
[Date "1992.??.??"]
[Round "?.1"]
[White "Chandler, M."]
[Black "Richter, W."]
[Result "1-0"]
[WhiteElo "2575"]
[BlackElo "2430"]
[PlyCount "57"]
[EventDate "1992.??.??"]

1. e4 e6 2. d4 d5 3. Nc3 dxe4 4. Nxe4 Bd7 5. Nf3 Bc6 6. Bd3 Nd7 7. O-O Ngf6 8.
Ng3 Be7 9. c4 O-O 10. Bf4 Bxf3 11. Qxf3 c6 12. Rad1 Re8 13. Bb1 Bf8 14. Rfe1 g6
15. h3 Bg7 16. a3 a5 17. Ba2 a4 18. Bd2 Qc7 19. Bc3 Rad8 20. Rd2 b5 21. c5 Nd5
22. Ne4 N7f6 23. Nd6 Re7 24. Rdd1 Red7 25. Bd2 h6 26. Re2 Re7 27. h4 Ne8 28.
Bxd5 exd5 29. Ba5 1-0

[Event "BL 9293 Bielefeld-Solingen"]
[Site "?"]
[Date "1992.??.??"]
[Round "?.2"]
[White "Bangiev, A."]
[Black "Podzielny, KH."]
[Result "0-1"]
[WhiteElo "2400"]
[BlackElo "2435"]
[PlyCount "86"]
[EventDate "1992.??.??"]

1. d4 Nf6 2. c4 g6 3. Nc3 Bg7 4. e4 d6 5. Bd3 c6 6. Nge2 a6 7. a4 a5 8. h3 Na6
9. O-O e5 10. Be3 exd4 11. Bxd4 O-O 12. Qd2 Nb4 13. Bb1 Re8 14. Rd1 Be6 15. b3
Qe7 16. Na2 c5 17. Bb2 d5 18. Nxb4 axb4 19. exd5 Bxd5 20. Ng3 Bc6 21. Bd3 Rad8
22. Qc2 h5 23. Nf1 Nd7 24. Bxg7 Kxg7 25. Ne3 Qg5 26. Nd5 Nf6 27. Qb2 Bxd5 28.
cxd5 Qxd5 29. Be2 Qf5 30. Bb5 Rxd1+ 31. Rxd1 Re5 32. Bc4 h4 33. a5 Re7 34. Bd5
Rd7 35. Bf3 Rxd1+ 36. Bxd1 c4 37. bxc4 Qxa5 38. Bf3 Qa3 39. Qb1 b3 40. Bd1 b2
41. Bc2 Qc3 42. Kh2 Nd7 43. Qd1 Ne5 0-1

[Event "BL 9293 Bielefeld-Solingen"]
[Site "?"]
[Date "1992.??.??"]
[Round "?.3"]
[White "Zysk, R."]
[Black "Panzer, P."]
[Result "1-0"]
[WhiteElo "2440"]
[BlackElo "2340"]
[PlyCount "61"]
[EventDate "1992.??.??"]

1. d4 Nf6 2. Nf3 g6 3. c4 Bg7 4. Nc3 O-O 5. e4 d6 6. h3 e5 7. d5 Na6 8. Bg5 Qe8
9. g4 Kh8 10. Rg1 Ng8 11. Qd2 f5 12. gxf5 gxf5 13. exf5 Nc5 14. Nh4 Bxf5 15.
Nxf5 Rxf5 16. Be3 Nf6 17. O-O-O Nh5 18. Qc2 Qf8 19. Kb1 Nf4 20. Bxc5 dxc5 21.
Ne4 b6 22. Be2 Bh6 23. Bg4 Rf7 24. d6 cxd6 25. Nxd6 Rf6 26. Ne4 Rf7 27. Qc3 Re7
28. Ng3 Ng6 29. Bf5 Nh4 30. Be4 Qxf2 31. Bxa8 1-0